000 00664nam a2200229Ia 4500
003 OSt
005 20221007065112.0
006 a|||||r|||| 00| 0
007 ta
008 221006b |||||||| |||| 00| 0 eng d
024 _a8,819
037 _cReference Collections
040 _aFLL
_cFLL
_beng
041 _2eng
_aeng
082 _aV73,7.N7, N0
100 _aSnowiss Sylvia Au.
_9686653
245 0 _aJudicial review and the law of the constitution
260 _aDelhi
_bUniversal book traders India
_c1990
300 _aix,228p
_ccm.
942 _hV73,7.N7, N0
_cREF
_2CC
999 _c1136306
_d1136306